Girlology : (Record no. 28949)

MARC details
000 -LEADER
fixed length control field 01036nam a22002654a 4500
005 - DATE AND TIME OF LATEST TRANSACTION
control field 20090806112746.0
008 - FIXED-LENGTH DATA ELEMENTS--GENERAL INFORMATION
fixed length control field 050722s2005 flua 000 0 eng
010 ## - LCCN (DPL NO)
LC control number ENG-94643
020 ## - INTERNATIONAL STANDARD BOOK NUMBER
International Standard Book Number 9788189975883
Terms of availability 295.00
035 ## - SYSTEM CONTROL NUMBER
System control number EN-78176
037 ## - SOURCE OF ACQUISITION
Source of stock number/acquisition DBAD / PUB
040 ## - CATALOGING SOURCE
Original cataloging agency dpl
Language of cataloging English
082 ## - DEWEY DECIMAL CLASSIFICATION NUMBER
Classification number 646.70082
100 ## - MAIN ENTRY--PERSONAL NAME
Personal name Holmes, Melisa.
245 ## - TITLE STATEMENT
Title Girlology :
Remainder of title a girl's guide to stuff that matters : relationships, bodytalk & girl power! /
Statement of responsibility, etc by Melisa Holmes [and] Patricia Hutchison.
260 ## - PUBLICATION, DISTRIBUTION, ETC. (IMPRINT)
Place of publication, distribution, etc New Delhi
Name of publisher, distributor, etc Westland
Date of publication, distribution, etc 2008
270 ## - ADDRESS
Address F-5, Okhla Industrial Area, Phase-I, Mazzanine Floor,
City New Delhi
Postal code 110020
300 ## - PHYSICAL DESCRIPTION
Extent v, 255 p. :
Other physical details ill. ;
Dimensions 23cm(pbk)
650 ## - SUBJECT ADDED ENTRY--TOPICAL TERM
Topical term or geographic name as entry element Girls
Form subdivision Life skills guides.
650 ## - SUBJECT ADDED ENTRY--TOPICAL TERM
Topical term or geographic name as entry element Girls
General subdivision Psychology.
650 ## - SUBJECT ADDED ENTRY--TOPICAL TERM
Topical term or geographic name as entry element Girls
General subdivision Conduct of life.
700 ## - ADDED ENTRY--PERSONAL NAME
Personal name Hutchison, Patricia.
942 ## - ADDED ENTRY ELEMENTS (KOHA)
Source of classification or shelving scheme Dewey Decimal Classification
Item type English Books
Call number suffix 646.70082
Holdings
Withdrawn status Lost status Source of classification or shelving scheme Damaged status Not for loan Collection code Home library Current library Date acquired Source of acquisition Cost, normal purchase price Total Checkouts Full call number Barcode Date last seen Copy number Cost, replacement price Koha item type
    Dewey Decimal Classification   Not For Loan Non-fiction D.B.Act.Division D.B.Act.Division 06/08/2009 DBAD / PUB 295.00   646.70082 EN-78176 06/08/2009 1 295.00 English Books

© Delhi Public Library
Hit Counter
free hit counter